书目信息 |
| 题名: |
儒学六讲
|
|
| 作者: | 梁启超, 著 | |
| 分册: | ||
| 出版信息: | 北京 北京理工大学出版社 2020.06 |
|
| 页数: | 213页 | |
| 开本: | 21cm | |
| 丛书名: | 大师国学课 | |
| 单 册: | ||
| 中图分类: | B222-49 | |
| 科图分类: | ||
| 主题词: | 儒学--ru xue--通俗读物 | |
| 电子资源: | ||
| ISBN: | 978-7-5682-8152-2 | |
| 000 | 01097nam 2200265 450 | |
| 001 | CAL 0120203012174 | |
| 005 | 20230217093113.0 | |
| 010 | @a978-7-5682-8152-2@b精装@dCNY39.80 | |
| 100 | @a20200611d2020 em y0chiy0120 ea | |
| 101 | 0 | @achi |
| 102 | @aCN@b110000 | |
| 105 | @ay z 000yy | |
| 106 | @ar | |
| 200 | 1 | @a儒学六讲@Aru xue liu jiang@f梁启超著 |
| 210 | @a北京@c北京理工大学出版社@d2020.06 | |
| 215 | @a213页@d21cm | |
| 225 | 2 | @a大师国学课@Ada shi guo xue ke |
| 314 | @a梁启超, 清华国学院四大导师之一。 | |
| 330 | @a本书从儒学是什么、为什么研究儒学、儒学研究的方法、儒学的变迁、儒学的重要问题等六个方面, 系统地讲述了自孔子至清末两千五百年来儒学的起源、变迁、继承、演化和影响, 并条分缕析地介绍了儒学的重要流派、代表人物。需要说明的是, 本书以梁启超在清华国学院讲课稿为底本, 其语言通俗易懂, 深刻全面, 是读者了解儒家哲学和中国文化不可不读的一本经典读物。 | |
| 410 | 0 | @12001 @a大师国学课 |
| 606 | 0 | @a儒学@Aru xue@j通俗读物 |
| 690 | @aB222-49@v5 | |
| 701 | 0 | @a梁启超,@Aliang qi chao@f1873-1929@4著 |
| 801 | 0 | @aCN@bBJXHZP@c20230228 |
| 905 | @b1390897-900@dB222-49@e1078@f4 | |
| 儒学六讲/梁启超著.-北京:北京理工大学出版社,2020.06 |
| 213页;21cm.-(大师国学课) |
| ISBN 978-7-5682-8152-2(精装):CNY39.80 |
| 本书从儒学是什么、为什么研究儒学、儒学研究的方法、儒学的变迁、儒学的重要问题等六个方面, 系统地讲述了自孔子至清末两千五百年来儒学的起源、变迁、继承、演化和影响, 并条分缕析地介绍了儒学的重要流派、代表人物。需要说明的是, 本书以梁启超在清华国学院讲课稿为底本, 其语言通俗易懂, 深刻全面, 是读者了解儒家哲学和中国文化不可不读的一本经典读物。 |
| ● |
| 相关链接 |
|
|
|
|
正题名:儒学六讲
索取号:B222-49/1078
 
预约/预借
| 序号 | 登录号 | 条形码 | 馆藏地/架位号 | 状态 | 备注 |
| 1 | 1390897 | 213908976 | 第一样本阅览室/ [索取号:B222-49/1078] | 在馆 | |
| 2 | 1390898 | 213908985 | 第一借阅区/ [索取号:B222-49/1078] | 在馆 | |
| 3 | 1390899 | 213908994 | 第一借阅区/ [索取号:B222-49/1078] | 在馆 | |
| 4 | 1390900 | 213909001 | 第一借阅区/ [索取号:B222-49/1078] | 在馆 |